| 000 | 02324nam a2200337Ia 4500 | ||
|---|---|---|---|
| 999 |
_c37572 _d37572 |
||
| 001 | 3541 | ||
| 003 | GE_BSU | ||
| 005 | 20190621210550.0 | ||
| 008 | 181216s2011||||ge |||||||||||||| ||geo|| | ||
| 020 | _a9789941039539 | ||
| 040 | _cGE_BSU | ||
| 041 | _ageo | ||
| 080 | _a159.944.4+612 ს–26 | ||
| 245 |
_aსტრესი და იძულებით გადაადგილება: ფსიქოლოგიური პრობლემები და მათი გადაწყვეტის გზები : _bსალექციო კურსი მომავალი ფსიქოლოგების, პედაგოგებისა და სოც. მუშაკებისათვის / _cავტ.: მერაბ მაღრაძე, რამაზ საყვარელიძე, მარინა ბალიაშვილი და სხვ. ; რედ. მანანა გაბაშვილი. |
||
| 264 |
_aთბილისი, _c2011. |
||
| 300 |
_a231 გვ. ; _b ცხრ.; _c29 სმ. |
||
| 300 | _bავტ. მითით. თავფურ. მე-2 გვ.. | ||
| 300 | _cდანართი: გვ. 208-231. - ბიბლიოგრ. თავების ბოლოს. | ||
| 653 | _aიძულებით გადაადგილებული პირები | ||
| 653 |
_aფსიქოლოგიური პრობლემები _aსტრესი |
||
| 700 |
_aმაღრაძე, მერაბ _eავტორი _92791 |
||
| 700 |
_aსაყვარელიძე, რამაზ _eავტორი _92792 |
||
| 700 |
_aბალიაშვილი, მარინა _eავტორი _92793 |
||
| 700 |
_aბალანჩივაძე, იაგორ _eავტორი _9845 |
||
| 700 |
_aბასილაშვილი, ნინო _eავტორი _92794 |
||
| 700 |
_aბერიძე, ქეთევან _eავტორი _92795 |
||
| 700 |
_aკეჭაყმაძე, რუსუდან _eავტორი _92796 |
||
| 700 |
_aკვიცარიძე, მარინა _eავტორი _92797 |
||
| 700 |
_aგაბაშვილი, მანანა _eრედაქტორი _91417 |
||
| 942 |
_cBK _2udc |
||